Catalog

Record Details

Catalog Search



The Books of Elijah. Parts 1-2  Cover Image Book Book

The Books of Elijah. Parts 1-2 / collected and translated by Michael E. Stone and John Strugnell, comprehensive index by W. Lowndes Lipscomb

Stone, Michael E. (Compiler, Translator). Strugnell, John (Compiler, Translator). Lipscomb, Lowndes (Other).

Record details

  • ISBN: 0-89130-315-4
  • ISBN: 0-89130-316-2
  • Physical Description: 110 s.
  • Publisher: Missoula, Montana : Scholars Press, 1979

Available copies

  • 1 of 1 copy available at Common Catalog SPOK.

Holds

  • 0 current holds with 1 total copy.
Show Only Available Copies
Location Call Number / Copy Notes Barcode Shelving Location Status Due Date
ETS Library 229.913 424470018244 Volný výběr Available -

LDR nam a22 i 4500
00148009
003CZ-PrJAB
00520210203214425.0
007ta
008210203s1979 xxu e 000 0 eng
020 . ‡a0-89130-315-4
020 . ‡a0-89130-316-2
040 . ‡aABG450 ‡bcze ‡erda
08214. ‡a229.913
24514. ‡aThe Books of Elijah. ‡nParts 1-2 / ‡ccollected and translated by Michael E. Stone and John Strugnell, comprehensive index by W. Lowndes Lipscomb
264 1. ‡aMissoula, Montana : ‡bScholars Press, ‡c1979
300 . ‡a110 s.
336 . ‡atext ‡btxt ‡2rdacontent
338 . ‡asvazek ‡bnc ‡2rdacarrier
6530 . ‡aElijah, the prophet
6530 . ‡aApokalyptic literature
7001 . ‡aStone, Michael E. ‡4com ‡4trl
7001 . ‡aStrugnell, John ‡4com ‡4trl
7001 . ‡aLipscomb, Lowndes ‡4oth
910 . ‡aABG450
995 . ‡aska
901 . ‡a48009 ‡b ‡c48009 ‡tbiblio

Additional Resources